000 00313nam a2200133Ia 4500
008 240624s9999 xx 000 0 und d
041 _aeng
082 _a332.6 WIL
100 _aWILMOTT PAUL
245 _aNEW DIRECTIONS IN MATHEMATICAL FINANCE
260 _c2002
300 _aix,192p. ; 25cm.
365 _c
_b27
999 _c20704
_d20704